| 000 | 00750cab a2200229 4500 | ||
|---|---|---|---|
| 001 | WB3240-15 | ||
| 008 | 090401t1996 xxu||||| |||| 00| 0 eng d | ||
| 035 | _a(Sirsi) u33864 | ||
| 041 | _aeng | ||
| 245 | _aLottery win for stately homes | ||
| 260 | _c1996 | ||
| 350 | _a0 | ||
| 490 |
_aSunday Telegraph _v20 October 1996, 17 |
||
| 490 |
_aFinancial Times _v24 October 1996, 13(2) |
||
| 520 | _aThe National Heritage Memorial Fund Bill seeks to reverse a rule that prevents private owners of historic homes from gaining lottery funding to repair their properties. | ||
| 650 | _aHISTORIC HOUSES | ||
| 650 | _aLOTTERY FUNDS | ||
| 650 | _aNATIONAL HERITAGE MEMORIAL FUND BILL | ||
| 690 | _aCONSERVATION | ||
| 942 | _n0 | ||
| 948 | _c04/03/1997 | ||
| 999 |
_c22528 _d22528 |
||